00968cam a2200277 a 450000100090000000300040000900500170001300800410003001000170007102000310008802000280011902000530014702000500020003500240025004000500027405000220032408200120034624501160035825000300047426000330050430000350053750400530057265000290062570000190065470000170067315749670OSt20210625115144.0090525s2010 nyua b 001 0 eng  a 2009020876 a9780205698813 (alk. paper) a0205698816 (alk. paper) a9780205686117 (interactive edition : alk. paper) a0205686117 (interactive edition : alk. paper) a(OCoLC)ocn277205409 aDLCcALUPE UNIVERSITYdYDXdBTCTAdYDXCPdDLC00aPN6014b.L58 201000a80822200aLiterature :ban introduction to fiction, poetry, drama, and writing /c[compiled by] X.J. Kennedy, Dana Gioia. aInteractive ed., 11th ed. aNew York :bLongman,cc2010. alix, 2137 p. :bill. ;c25 cm. aIncludes bibliographical references and indexes. 0aLiteraturevCollections.1 aKennedy, X. J.1 aGioia, Dana.